000 00699nam a2200289Ia 4500
005 20260324140712.0
008 008 260324s9999 xx 000 0 eng d
020 _a9781315051338
037 _aEBOOK
040 _aCRL
040 _beng
040 _cCRL
041 _2eng
041 _aeng
084 _qCRL
100 _aNobuo K. Shimahara
_91195637
245 0 _aPolitics of Classroom Life
245 0 _bClassroom Management in International Perspective
260 _bTaylor and Francis
260 _c1998
365 _a
365 _b150
856 _uhttp://www.taylorfrancis.com/books/9781315051338
942 _cEBOOK
999 _c1807744
_d1807744